| 000 | 00607nam a2200205 i 4500 | ||
|---|---|---|---|
| 001 | 7380 | ||
| 003 | ES-MaACL | ||
| 005 | 20230906145225.0 | ||
| 008 | 901218s1989 xxu ||||1| eng d | ||
| 020 | _a0-394-75971-0 | ||
| 080 | _a32(47)"1985/..." | ||
| 100 | 1 |
_aKerblay, Basile. _967886 |
|
| 245 | 1 | 0 |
_aGorbachev's Russia / _cBasile Kerblay ; translated by Rupert Swyer. |
| 250 | _a1st ed. | ||
| 260 |
_aNew York : _bPantheon Books, _c1989. |
||
| 300 |
_a175 p. ; _c21 cm. |
||
| 651 | 4 |
_aURSS- _xPolĂtica y gobierno- _y1985-1991. _99483 |
|
| 700 | 1 |
_aSwyer, Rupert. _9108954 |
|
| 852 |
_aES-MaACL _jL-14675 |
||
| 999 |
_c7380 _d7380 |
||